000 01074nam1a22003011i 4500
001 RU\INGAK2\INFOCOMM_322\NLR\5000109456
005 20241101045135.0
035 _a(NLR Aleph) 011022175
090 _a11073470
_c11073470
100 _a20121214d1988 |||y0rusy50 ba
101 1 _aspa
_crus
102 _aRU
105 _ay z||||
200 1 _aCurso de análisis matemático
_eEn 2 t.
_fL. D. Kudriávtsev
205 _a1-ra reimpr.
210 _aM.
_cMir
_d1988
215 _d22 см
300 _aВ вып. дан.: Курс математического анализа / Лев Дмитриевич Кудрявцев
517 1 _aКурс математического анализа
_zrus
620 _aМосква
686 _aВ161я73-1
_2rubbk
700 1 _7ba
_8rus
_aKudrjavcev
_bL. D.
_cд-р физ.-мат. наук
_f1923-2012
_gLev Dmitrievič
_9269549
_3RU\NLR\AUTH\770269605
790 1 _9z01700
_aKudriávtsev
_bL. D.
_4070
801 1 _aRU
_bInfoComm
_c20121214
801 0 _aRU
_bNLR
_gPSBO
852 _aNLR
_jМт01 Д-5/800
942 _cBOOK